000 00863cam a2200289 4500
999 _c7505
_d7505
001 786369
003 OSt
005 20211122102846.0
008 710907s1971 enkabdf b 001 0 eng
010 _a 73591055
015 _aB71-10224
020 _a0415271711
040 _aDLC
_cDLC
_dDLC
050 0 0 _aQC861.2
_b.B36 1971
082 0 0 _a551.5BAR 2003
100 1 _aBarry, Roger G.
_q(Roger Graham),
_d1935-
_915366
245 1 0 _aAtmosphere, weather and climate
_c[by] R. G. Barry and R. J. Chorley.
250 _a8th ed.
260 _aLondon,
_bMethuen,
_c1971.
300 _axvi,421 p.
_billus., charts, maps.
_c22 cm.
350 _a£2.75
504 _aIncludes bibliographies.
650 0 _aMeteorology.
_915367
700 1 _aChorley, Richard J.,
_ejoint author.
_915368
906 _a7
_bcbc
_corignew
_d3
_encip
_f19
_gy-gencatlg
942 _2ddc
_cO_SHELF